logo

Bir Sreshtho Munshi Abdur Rouf Library
Jhenaidah Cadet College

অগ্নিপায়ী / (Record no. 1003)

MARC details
000 -LEADER
fixed length control field 00698nam a2200229 a 4500
001 - CONTROL NUMBER
JCCL Control Number 1003
003 - CONTROL NUMBER IDENTIFIER
JCCL marc code BD-JhCC
005 - DATE AND TIME OF LATEST TRANSACTION
control field 20171019203111.0
008 - FIXED-LENGTH DATA ELEMENTS--GENERAL INFORMATION
fixed length control field 171012s2006 bg |||| ||a| 000 0 ben d
020 ## - INTERNATIONAL STANDARD BOOK NUMBER
International Standard Book Number 9844104785
035 ## - SYSTEM CONTROL NUMBER
system control number (BD-JhCC)1003
040 ## - CATALOGING SOURCE
Original cataloging agency BD-JhCC
Modifying agency BD-JhCC
041 ## - LANGUAGE CODE
Language code of Book ben
082 ## - DEWEY DECIMAL CLASSIFICATION NUMBER
DDC Edition number 23
Classification number 891.4435
Author mark and Year HOS 2006
100 ## - MAIN ENTRY--PERSONAL NAME
Personal name হোসেন, তানজিনা
245 ## - TITLE STATEMENT
Title অগ্নিপায়ী /
Statement of responsibility, etc তানজিনা হোসেন
260 ## - PUBLICATION, DISTRIBUTION, ETC. (IMPRINT)
Place of publication, distribution, etc ঢাকা :
Name of publisher, distributor, etc মাওলা ব্রাদার্স প্রকাশনী,
Date of publication, distribution, etc ২০০৬.
300 ## - PHYSICAL DESCRIPTION
Pagination 86 p. :
Dimensions 22 cm.
650 ## - SUBJECT ADDED ENTRY--TOPICAL TERM
Topical term or geographic name as entry element Bengali Short Stories.
942 ## - ADDED ENTRY ELEMENTS (KOHA)
Source of classification or shelving scheme Dewey Decimal Classification
Koha item type Books
Holdings
Source of classification or shelving scheme Damaged status Not for loan Home library Current library Shelving location Date of accession Source of acquisition Cost, normal purchase price Total Checkouts Full call number Barcode Date last seen Date checked out Copy number Koha item type
Dewey Decimal Classification     JCC Rouf Library JCC Rouf Library General Stacks 10/12/2017 Fundation of the Tenth's Efforts 75.00 3 891.4435 HOS 2006 2019 11/02/2025 10/26/2025 C-1 Books
Dewey Decimal Classification     JCC Rouf Library JCC Rouf Library General Stacks 10/18/2017 Fundation of the Tenth's Efforts 75.00   891.4435 HOS 2006 2251 10/18/2017   C-2 Books

JCC Library | Contacts | JCC Home

Last Update on 23 September 2017
Copyright @ 2017-2020 JCC Rouf Library
Rouf Library, Jhenidah Cadet College (JCC), Bangladesh